000 00481nam a22001695i 4500
001 48539
003 ES-MaACL
005 20230906161753.0
007 t|
008 950725s1894 fr ||||1| fre d
040 _aCAM
_bspa
_cCAM
100 1 _aDepasse, Hector.
_943751
245 1 0 _aTransformations sociales /
_cpar Hector Depasse.
260 _aParis :
_bFélix Alcan,
_c1894 (
_eCoulommiers :
_fPaul Brodard)
300 _aXII, 407 p. ;
_c18 cm.
852 _aES-MaACL
_jF-10537
999 _c48539
_d48539